[Event "Puspokladany Arnoth Memorial 15th"]
[Site "Puspokladany"]
[Date "2022.07.30"]
[Round "6"]
[White "Herpai, Jozsef"]
[Black "Szaloki, Arpad"]
[Result "1-0"]
[WhiteElo "2163"]
[BlackElo "1923"]
[PlyCount "85"]
[EventDate "2022.07.27"]
[EventType "swiss"]
[EventRounds "9"]
[EventCountry "HUN"]
[SourceTitle "EXT 2023"]
[Source "ChessBase"]
[SourceDate "2022.10.05"]
[SourceVersion "1"]
[SourceVersionDate "2022.10.05"]
[SourceQuality "1"]

1. c4 c6 2. e4 d5 3. cxd5 cxd5 4. exd5 Nf6 5. Nc3 Nxd5 6. Nf3 Nc6 7. Bb5 e6 8. 0-0 Be7 9. d4 0-0 10. Be3 Bd7 11. Qe2 Rc8 12. Rac1 Bf6 13. Ne4 Be7 14. Nc5 Bxc5 15. Rxc5 Nce7 16. Rxc8 Nxc8 17. Bd3 Nce7 18. Rc1 Ng6 19. Ne5 a6 20. g3 Nxe5 21. dxe5 Nxe3 22. Qxe3 Bc6 23. Be4 Bxe4 24. Qxe4 Qb6 25. b4 Rd8 26. Rc5 h6 27. a4 Rb8 28. h4 Qd8 29. a5 Qd1+ 30. Kg2 Qd8 31. Qc4 b6 32. Rc7 bxa5 33. bxa5 Ra8 34. Qc6 Qf8 35. Qb7 Qe8 36. Rxf7 Qxf7 37. Qxa8+ Kh7 38. Qxa6 Qf5 39. Qe2 Qb1 40. a6 Qb6 41. Qe4+ Kg8 42. Qb7 Qa5 43. a7 1-0

[Event "Puspokladany Arnoth Memorial 15th"]
[Site "Puspokladany"]
[Date "2022.07.29"]
[Round "5"]
[White "Pribelszky, Bence"]
[Black "Herpai, Jozsef"]
[Result "1-0"]
[WhiteElo "2366"]
[BlackElo "2163"]
[PlyCount "85"]
[EventDate "2022.07.27"]
[EventType "swiss"]
[EventRounds "9"]
[EventCountry "HUN"]
[SourceTitle "EXT 2023"]
[Source "ChessBase"]
[SourceDate "2022.10.05"]
[SourceVersion "1"]
[SourceVersionDate "2022.10.05"]
[SourceQuality "1"]

1. e4 c5 2. Nf3 e6 3. d4 cxd4 4. Nxd4 a6 5. Bd3 Nf6 6. 0-0 Nc6 7. Nxc6 bxc6 8. e5 Ng8 9. Nd2 d5 10. exd6 Bxd6 11. Ne4 Bb7 12. Bg5 Be7 13. Qh5 Bxg5 14. Nxg5 g6 15. Qh4 h6 16. Qb4 hxg5 17. Qxb7 Ne7 18. Bxa6 Rb8 19. Rfd1 Rxb7 20. Rxd8+ Kxd8 21. Bxb7 Kc7 22. Ba6 Rd8 23. Kf1 Nd5 24. Bc4 Nb6 25. Bb3 Rh8 26. Kg1 c5 27. c3 c4 28. Bd1 Rd8 29. Kf1 f5 30. Ke1 Rh8 31. h3 g4 32. hxg4 fxg4 33. g3 Nd7 34. Ke2 Nc5 35. Bc2 g5 36. b4 cxb3 37. axb3 Kb6 38. b4 Na6 39. Ra5 Rc8 40. Bd3 Nc7 41. Rxg5 Nd5 42. c4 Nf6 43. Ke3 1-0

[Event "Puspokladany Arnoth Memorial 15th"]
[Site "Puspokladany"]
[Date "2022.07.28"]
[Round "3"]
[White "Donka, Peter"]
[Black "Herpai, Jozsef"]
[Result "1/2-1/2"]
[WhiteElo "1961"]
[BlackElo "2163"]
[PlyCount "130"]
[EventDate "2022.07.27"]
[EventType "swiss"]
[EventRounds "9"]
[EventCountry "HUN"]
[SourceTitle "EXT 2023"]
[Source "ChessBase"]
[SourceDate "2022.10.05"]
[SourceVersion "1"]
[SourceVersionDate "2022.10.05"]
[SourceQuality "1"]

1. d4 Nf6 2. Nf3 e6 3. Nbd2 d5 4. e3 c5 5. b3 cxd4 6. exd4 Nc6 7. Bb2 Be7 8. Bd3 Bd7 9. a3 a6 10. 0-0 0-0 11. Ne5 Ne8 12. f4 f5 13. c4 Nf6 14. c5 Nxe5 15. fxe5 Ne4 16. Qe2 Bg5 17. Nf3 Bh6 18. Bc1 Bxc1 19. Rfxc1 Be8 20. b4 Bh5 21. Qe1 Bxf3 22. gxf3 Qg5+ 23. Kh1 Nd2 24. Qf2 Qf4 25. Rd1 Qxf3+ 26. Qxf3 Nxf3 27. Be2 Ng5 28. Rac1 Rfc8 29. a4 Ne4 30. Kg2 Kf7 31. b5 axb5 32. Bxb5 Rc7 33. Rd3 g5 34. Rb1 Ra7 35. Ra3 g4 36. Bd3 Nd2 37. Rb4 Kg6 38. a5 Nf3 39. Kf2 Kg5 40. a6 bxa6 41. Rxa6 Rxa6 42. Bxa6 Nxd4 43. Rxd4 Rxc5 44. Bd3 Ra5 45. Kg3 Ra1 46. h3 gxh3 47. Kxh3 Re1 48. Bb5 Rxe5 49. Bd7 Re3+ 50. Kg2 h5 51. Bxe6 Rxe6 52. Rxd5 Re3 53. Kf2 Ra3 54. Rd8 Kg4 55. Rg8+ Kf4 56. Kg2 h4 57. Rh8 Ra2+ 58. Kh3 Kf3 59. Rb8 Re2 60. Kxh4 f4 61. Kg5 Re5+ 62. Kh4 Kf2 63. Kg4 f3 64. Kf4 Re2 65. Rb3 Kg2 1/2-1/2

[Event "HUN-chT2 Maroczy 1213"]
[Site "Hungary"]
[Date "2013.01.27"]
[Round "6"]
[White "Herpai, Jozsef"]
[Black "Kormos, Lajos"]
[Result "1-0"]
[WhiteElo "2228"]
[BlackElo "2140"]
[PlyCount "70"]
[EventDate "2012.09.16"]
[EventType "team-tourn"]
[EventRounds "11"]
[EventCountry "HUN"]
[SourceTitle "EXT 2014"]
[Source "ChessBase"]
[SourceDate "2013.11.20"]
[SourceVersion "1"]
[SourceVersionDate "2013.11.20"]
[SourceQuality "1"]
[WhiteTeam "Maroczy"]
[BlackTeam "Kisujszallas"]
[WhiteTeamCountry "HUN"]
[BlackTeamCountry "HUN"]

1. e4 c5 2. Nf3 Nc6 3. c3 d5 4. exd5 Qxd5 5. d4 e6 6. Be2 Nf6 7. 0-0 Be7 8. dxc5 Bxc5 9. b4 Be7 10. b5 Nb8 11. Qc2 Nbd7 12. Rd1 Qe4 13. Bd3 Qg4 14. h3 Qh5 15. Be2 Qc5 16. a4 Qc7 17. a5 0-0 18. Ra4 Nd5 19. Bd3 N7f6 20. Qe2 Bd7 21. Ne5 Rfd8 22. Bd2 Bd6 23. Ng4 Nxg4 24. Rxg4 Nf4 25. Bxf4 Bxf4 26. Qe4 f5 27. Qxf4 e5 28. Qc4+ Qxc4 29. Bxc4+ Kh8 30. Rg3 Bxb5 31. Rxd8+ Rxd8 32. Bxb5 Rd1+ 33. Kh2 Rxb1 34. Rd3 g6 35. Rd8+ Kg7 1-0

[Event "HUN-chT2 Maroczy 1213"]
[Site "Hungary"]
[Date "2012.11.18"]
[Round "4"]
[White "Cselenyi, Balazs"]
[Black "Herpai, Jozsef"]
[Result "1/2-1/2"]
[WhiteElo "2213"]
[BlackElo "2228"]
[PlyCount "42"]
[EventDate "2012.09.16"]
[EventType "team-tourn"]
[EventRounds "11"]
[EventCountry "HUN"]
[SourceTitle "EXT 2014"]
[Source "ChessBase"]
[SourceDate "2013.11.20"]
[SourceVersion "1"]
[SourceVersionDate "2013.11.20"]
[SourceQuality "1"]
[WhiteTeam "Debrecen"]
[BlackTeam "Maroczy"]
[WhiteTeamCountry "HUN"]
[BlackTeamCountry "HUN"]

1. d4 d5 2. c4 e6 3. Nf3 c6 4. e3 Nf6 5. Nc3 Nbd7 6. Qc2 Bd6 7. Be2 0-0 8. 0-0 dxc4 9. Bxc4 b5 10. Bd3 Bb7 11. e4 e5 12. d5 Rc8 13. dxc6 Bxc6 14. a3 a5 15. Qe2 b4 16. Nb5 Bxb5 17. Bxb5 Nc5 18. Nd2 Qe7 19. a4 Qb7 20. f3 Bc7 21. Rb1 Rcd8 1/2-1/2

[Event "HUN-chT2 Maroczy 1112"]
[Site "Hungary"]
[Date "2012.02.19"]
[Round "6"]
[White "Hando, Vilmos"]
[Black "Herpai, Jozsef"]
[Result "1/2-1/2"]
[WhiteElo "2318"]
[BlackElo "2213"]
[PlyCount "36"]
[EventDate "2011.09.25"]
[EventType "team-tourn"]
[EventRounds "11"]
[EventCountry "HUN"]
[SourceTitle "EXT 2013"]
[Source "ChessBase"]
[SourceDate "2012.11.22"]
[SourceVersion "1"]
[SourceVersionDate "2012.11.22"]
[SourceQuality "1"]
[WhiteTeam "Kazincbarcika"]
[BlackTeam "Maroczy"]
[WhiteTeamCountry "HUN"]
[BlackTeamCountry "HUN"]

1. d4 c6 2. c4 Nf6 3. Nf3 g6 4. Nc3 Bg7 5. e4 d6 6. h3 0-0 7. Bg5 Qc7 8. Be2 Nbd7 9. 0-0 e5 10. dxe5 dxe5 11. Be3 Re8 12. Qc2 Nf8 13. c5 Ne6 14. Rfd1 Nh5 15. Bf1 Nef4 16. Kh2 Ne6 17. Kg1 Nef4 18. Kh2 Ne6 1/2-1/2

[Event "HUN-chT2 Maroczy 1112"]
[Site "Hungary"]
[Date "2011.11.12"]
[Round "4"]
[White "Herpai, Jozsef"]
[Black "Jeszenszky, Tibor"]
[Result "0-1"]
[WhiteElo "2213"]
[BlackElo "2324"]
[PlyCount "80"]
[EventDate "2011.09.25"]
[EventType "team-tourn"]
[EventRounds "11"]
[EventCountry "HUN"]
[SourceTitle "EXT 2013"]
[Source "ChessBase"]
[SourceDate "2012.11.22"]
[SourceVersion "1"]
[SourceVersionDate "2012.11.22"]
[SourceQuality "1"]
[WhiteTeam "Maroczy"]
[BlackTeam "Roszke"]
[WhiteTeamCountry "HUN"]
[BlackTeamCountry "HUN"]

1. d4 Nf6 2. c4 e6 3. Nc3 d5 4. Bg5 Nbd7 5. e3 c6 6. Nf3 Qa5 7. Bxf6 Nxf6 8. Nd2 Bb4 9. Qb3 0-0 10. a3 Bd6 11. c5 Bb8 12. Qc2 e5 13. b4 Qc7 14. dxe5 Qxe5 15. Nf3 Qh5 16. Nd4 Re8 17. Be2 Qe5 18. Nf3 Qc7 19. Nd4 b6 20. cxb6 axb6 21. b5 c5 22. Nc6 d4 23. Nd1 Qd6 24. Nxb8 Rxb8 25. 0-0 Qe5 26. Bc4 Bb7 27. exd4 cxd4 28. Qb3 Qh5 29. Ra2 Ng4 30. h3 Ne5 31. Bd5 Bxd5 32. Qxd5 Rbd8 33. Qb3 Ng6 34. f4 Nh4 35. f5 Qg5 36. Qd3 g6 37. fxg6 hxg6 38. Raf2 Nf5 39. Re2 Rxe2 40. Qxe2 Ng3 0-1

[Event "HUN-chT2 Maroczy 0809"]
[Site "Hungary"]
[Date "2009.03.08"]
[Round "9"]
[White "Gyori, Szabolcs"]
[Black "Herpai, Jozsef"]
[Result "1-0"]
[WhiteElo "2186"]
[BlackElo "2243"]
[PlyCount "131"]
[EventDate "2008.10.26"]
[EventType "team-tourn"]
[EventRounds "11"]
[EventCountry "HUN"]
[SourceTitle "EXT 2010"]
[Source "ChessBase"]
[SourceDate "2010.11.25"]
[SourceVersion "1"]
[SourceVersionDate "2010.11.25"]
[SourceQuality "1"]
[WhiteTeam "Oroshaza"]
[BlackTeam "Maroczy"]
[WhiteTeamCountry "HUN"]
[BlackTeamCountry "HUN"]

1. d4 Nf6 2. c4 e6 3. g3 d5 4. Bg2 c6 5. Nf3 Be7 6. Nbd2 0-0 7. 0-0 dxc4 8. Nxc4 b5 9. Nce5 Bb7 10. Qc2 Qb6 11. a4 a5 12. Bg5 h6 13. Bxf6 Bxf6 14. e3 Rd8 15. Rfc1 Na6 16. Nd3 Nb4 17. Qc5 Qxc5 18. Nxc5 Bc8 19. axb5 cxb5 20. Ne5 Ra7 21. Nc6 Nxc6 22. Bxc6 b4 23. Nb3 a4 24. Rxa4 Rxa4 25. Bxa4 Bb7 26. Rc7 Ba8 27. Bc6 Bxc6 28. Rxc6 e5 29. Rc4 exd4 30. exd4 Be7 31. Kf1 Ra8 32. Nc5 Rb8 33. Ke2 f5 34. Kd3 Kf7 35. Nd7 Rb7 36. Nc5 Rb8 37. Rc1 Rd8 38. Kc4 Bf6 39. Rd1 Rb8 40. Ra1 Rd8 41. Ra7+ Kg6 42. Rd7 Re8 43. Kxb4 f4 44. Nd3 f3 45. Rd5 Re2 46. Kc3 Bg5 47. Re5 Bd2+ 48. Kc2 Be3+ 49. Kc3 Bd2+ 50. Kc4 Kf6 51. g4 g6 52. b4 Bc1 53. Kd5 Ba3 54. b5 Be7 55. b6 Bd8 56. b7 Bc7 57. Re3 Bxh2 58. Rxf3+ Kg5 59. Rf8 Bc7 60. Kc6 Re7 61. f3 h5 62. gxh5 gxh5 63. b8Q Bxb8 64. Rxb8 Rh7 65. Rg8+ Kf5 66. d5 1-0

[Event "HUN-chT2 Maroczy 0708"]
[Site "Hungary"]
[Date "2007.12.16"]
[Round "5"]
[White "Tokovic, Svetozar"]
[Black "Herpai, Jozsef"]
[Result "1-0"]
[WhiteElo "2268"]
[BlackElo "2271"]
[PlyCount "107"]
[EventDate "2007.10.14"]
[EventType "team"]
[EventRounds "11"]
[EventCountry "HUN"]
[SourceTitle "EXT 2009"]
[Source "ChessBase"]
[SourceDate "2008.11.26"]
[SourceVersion "1"]
[SourceVersionDate "2008.11.26"]
[SourceQuality "1"]
[WhiteTeam "Koszolg"]
[BlackTeam "Maroczy"]
[WhiteTeamCountry "HUN"]
[BlackTeamCountry "HUN"]

1. Nf3 c5 2. e4 e6 3. d3 Nc6 4. g3 d5 5. Nbd2 Bd6 6. Bg2 Nge7 7. 0-0 0-0 8. Qe2 Qc7 9. Re1 f6 10. Nf1 Bd7 11. Ne3 d4 12. Nc4 e5 13. Nh4 g5 14. Nf3 b5 15. Nxd6 Qxd6 16. h3 Be6 17. Nh2 Qd7 18. Qh5 Qe8 19. Qxe8 Raxe8 20. f4 Nb4 21. Re2 c4 22. fxe5 cxd3 23. cxd3 fxe5 24. Bxg5 Nxd3 25. Rc2 Ng6 26. h4 h5 27. Bf3 Rc8 28. Rd2 Nc5 29. Re1 Kg7 30. Bxh5 Rc7 31. Nf3 Na4 32. Kg2 Bxa2 33. Bg4 Re8 34. h5 Nf8 35. Bf5 Nh7 36. h6+ Kh8 37. Bh4 Rc6 38. Bd7 Rce6 39. Bxe8 Rxe8 40. Rc1 Bc4 41. g4 Nc5 42. Re1 a5 43. Bg3 Nd7 44. g5 Nhf8 45. Nh4 Kh7 46. Rf2 Nc5 47. Rf6 Ncd7 48. Ra6 a4 49. Ra7 Re7 50. Nf3 Kg6 51. Nxe5+ Kxg5 52. Nxd7 Nxd7 53. Rh1 Rh7 54. Rxd7 1-0

[Event "HUN-chT2 Maroczy 0708"]
[Site "Hungary"]
[Date "2007.11.11"]
[Round "2"]
[White "Herpai, Jozsef"]
[Black "Lengyel, Laszlo"]
[Result "1-0"]
[WhiteElo "2271"]
[BlackElo "2186"]
[PlyCount "67"]
[EventDate "2007.10.14"]
[EventType "team"]
[EventRounds "11"]
[EventCountry "HUN"]
[SourceTitle "EXT 2009"]
[Source "ChessBase"]
[SourceDate "2008.11.26"]
[SourceVersion "1"]
[SourceVersionDate "2008.11.26"]
[SourceQuality "1"]
[WhiteTeam "Maroczy"]
[BlackTeam "Salgotarjan"]
[WhiteTeamCountry "HUN"]
[BlackTeamCountry "HUN"]

1. Nf3 e6 2. d4 Nf6 3. g3 c5 4. Bg2 cxd4 5. 0-0 Nc6 6. Nxd4 Qb6 7. Nb3 d5 8. Be3 Qc7 9. Nc3 a6 10. Bf4 e5 11. Bg5 d4 12. Nb1 Bf5 13. Bxf6 gxf6 14. c3 Rd8 15. cxd4 Nxd4 16. Nxd4 Rxd4 17. Qb3 Rb4 18. Qf3 Qc2 19. Nc3 Be6 20. Qxf6 Rg8 21. Rac1 Qf5 22. Nd5 Rxb2 23. Qxf5 Bxf5 24. Nf6+ Ke7 25. Nxg8+ Ke6 26. Rc8 Bg7 27. Rd1 Bc2 28. Bd5+ Kf5 29. Rc1 Ba4 30. Bxf7 Rxe2 31. R8c7 Rd2 32. Bb3 Bxb3 33. axb3 Bh8 34. Rxh7 1-0

[Event "HUN-chT2 Maroczy 0607"]
[Site "Hungary"]
[Date "2007.02.18"]
[Round "5"]
[White "Herpai, Jozsef"]
[Black "Fodor, Istvan"]
[Result "0-1"]
[WhiteElo "2281"]
[BlackElo "2272"]
[PlyCount "88"]
[EventDate "2006.11.12"]
[EventType "team"]
[EventRounds "11"]
[EventCountry "HUN"]
[SourceTitle "EXT 2008"]
[Source "ChessBase"]
[SourceDate "2007.11.25"]
[SourceVersion "1"]
[SourceVersionDate "2007.11.25"]
[SourceQuality "1"]
[WhiteTeam "Maroczy"]
[BlackTeam "Husi"]
[WhiteTeamCountry "HUN"]
[BlackTeamCountry "HUN"]

1. Nf3 g6 2. d4 Bg7 3. g3 Nf6 4. Bg2 0-0 5. 0-0 d5 6. c4 dxc4 7. Na3 c3 8. bxc3 c5 9. Ne5 Nd5 10. Qb3 Nxc3 11. Qxc3 cxd4 12. Qc5 Na6 13. Qb5 Nc7 14. Qa5 b6 15. Qa4 Bxe5 16. Bxa8 Nxa8 17. Bb2 Bh3 18. Rfd1 Qd5 19. f3 Rd8 20. Qb5 Qe6 21. Qb3 Nc7 22. Qxe6 Nxe6 23. e3 Bg7 24. exd4 Nxd4 25. Kf2 Bf5 26. g4 Bc8 27. Nb5 e5 28. Rac1 Be6 29. Nxa7 Ra8 30. Rc7 Bf8 31. Bxd4 exd4 32. Nb5 Rxa2+ 33. Kg3 Rb2 34. Rxd4 Rxb5 35. Rc2 Kg7 36. h3 Rd5 37. Re4 Bd6+ 38. Kg2 Rd3 39. Ree2 Bc5 40. Rc1 Bd5 41. Rf1 b5 42. Rc2 Bd6 43. h4 b4 44. Rff2 Bf4 0-1

[Event "HUN-chT2 Maroczy 0607"]
[Site "Hungary"]
[Date "2006.11.12"]
[Round "1"]
[White "Herpai, Jozsef"]
[Black "Lengyel, Ferenc"]
[Result "1-0"]
[WhiteElo "2281"]
[BlackElo "2218"]
[PlyCount "103"]
[EventDate "2006.11.12"]
[EventType "team"]
[EventRounds "11"]
[EventCountry "HUN"]
[SourceTitle "EXT 2008"]
[Source "ChessBase"]
[SourceDate "2007.11.25"]
[SourceVersion "1"]
[SourceVersionDate "2007.11.25"]
[SourceQuality "1"]
[WhiteTeam "Maroczy"]
[BlackTeam "DEAC"]
[WhiteTeamCountry "HUN"]
[BlackTeamCountry "HUN"]

1. Nf3 Nf6 2. g3 e6 3. Bg2 d5 4. c4 c5 5. d4 cxd4 6. Nxd4 Be7 7. 0-0 0-0 8. cxd5 Nxd5 9. Nc3 Nxc3 10. bxc3 e5 11. Nb5 Qa5 12. a4 a6 13. Ba3 Bxa3 14. Nxa3 Qxc3 15. Qd6 Nc6 16. Rac1 Qd4 17. Rfd1 Qxd6 18. Rxd6 Nd4 19. Kf1 Rb8 20. e3 Nf5 21. Rb6 Rd8 22. a5 Kf8 23. Ke2 Nd6 24. Rc7 Bg4+ 25. f3 Be6 26. f4 e4 27. Ke1 Bd5 28. Rc5 Bc6 29. Bf1 Ba4 30. Be2 g6 31. Rc7 Nf5 32. Nc4 Rd7 33. Rxd7 Bxd7 34. Ne5 Be8 35. Kf2 Rc8 36. Rxb7 Rc5 37. Rxf7+ Kg8 38. Ra7 Bb5 39. g4 Rc2 40. gxf5 Rxe2+ 41. Kg3 gxf5 42. Rf7 Rxe3+ 43. Kh4 Re2 44. Kg5 Rxh2 45. Rc7 Rd2 46. Rc3 Rd6 47. Kxf5 Bd3 48. Kg4 Rd5 49. Nc6 Be2+ 50. Kg3 Rd3+ 51. Rxd3 exd3 52. Ne5 1-0

[Event "HUN-chT2 Toth 0405"]
[Site "Hungary"]
[Date "2004.12.19"]
[Round "5"]
[White "Gyori, Szabolcs"]
[Black "Herpai, Jozsef"]
[Result "1/2-1/2"]
[WhiteElo "2165"]
[BlackElo "2261"]
[PlyCount "29"]
[EventDate "2004.09.26"]
[EventType "team"]
[EventRounds "11"]
[EventCountry "HUN"]
[SourceTitle "EXT 2009"]
[Source "ChessBase"]
[SourceDate "2008.11.26"]
[SourceVersion "1"]
[SourceVersionDate "2008.11.26"]
[SourceQuality "1"]
[WhiteTeam "Oroshaza"]
[BlackTeam "Maroczy"]
[WhiteTeamCountry "HUN"]
[BlackTeamCountry "HUN"]

1. d4 Nf6 2. Nf3 e6 3. c4 b6 4. g3 Ba6 5. b3 Bb7 6. Bg2 Bb4+ 7. Bd2 Be7 8. Nc3 0-0 9. Qc2 d5 10. Ne5 Nbd7 11. Nxd7 Qxd7 12. 0-0 Rac8 13. cxd5 exd5 14. Rfd1 h6 15. Bf4 1/2-1/2

[Event "HUN-chT2 Toth 0405"]
[Site "Hungary"]
[Date "2004.10.10"]
[Round "2"]
[White "Herpai, Jozsef"]
[Black "Javor, Sandor"]
[Result "1-0"]
[WhiteElo "2261"]
[BlackElo "2215"]
[PlyCount "31"]
[EventDate "2004.09.26"]
[EventType "team"]
[EventRounds "11"]
[EventCountry "HUN"]
[SourceTitle "EXT 2009"]
[Source "ChessBase"]
[SourceDate "2008.11.26"]
[SourceVersion "1"]
[SourceVersionDate "2008.11.26"]
[SourceQuality "1"]
[WhiteTeam "Maroczy"]
[BlackTeam "Bajai"]
[WhiteTeamCountry "HUN"]
[BlackTeamCountry "HUN"]

1. Nf3 d5 2. g3 e6 3. Bg2 h5 4. h4 Bd6 5. d4 Nd7 6. c4 c6 7. Nc3 Ngf6 8. 0-0 dxc4 9. a4 a5 10. Bg5 Bb4 11. Qc2 Bxc3 12. bxc3 Qb6 13. Nd2 Qa6 14. Qa2 Nb6 15. Qa3 Bd7 16. Ne4 1-0